Elevated Work Platforms and Scaffolding : Job Site Safety Manual /
Nowhere is construction site safety more at a premium than on elevated work platforms and scaffoldings. Elevated Work Platforms: Job Site Safety Manual, demonstrates how to keep these areas as accident-free as possible.
Gorde:
| Egile nagusia: | |
|---|---|
| Beste egile batzuk: | |
| Formatua: | Liburua |
| Hizkuntza: | Vietnamese |
| Argitaratua: |
American :
MC Graw Hill ,
2005
|
| Edizioa: | In lần thứ 1 |
| Gaiak: | |
| Etiketak: |
Etiketa erantsi
Etiketarik gabe, Izan zaitez lehena erregistro honi etiketa jartzen!
|
| Thư viện lưu trữ: | Thư viện Trường CĐ Kỹ Thuật Cao Thắng |
|---|
| LEADER | 02129nam a2200409 a 4500 | ||
|---|---|---|---|
| 001 | TVCDKTCT10076 | ||
| 003 | Thư viện trường Cao đẳng Kỹ thuật Cao Thắng | ||
| 005 | 20080808000000 | ||
| 008 | 080808 | ||
| 980 | \ | \ | |a Thư viện Trường CĐ Kỹ Thuật Cao Thắng |
| 024 | |a RG_1 #1 eb0 i1 | ||
| 020 | # | # | |a 0071414932 |
| 041 | 0 | # | |a vie |
| 082 | # | # | |a 621.8675 / |b EL200V-m |
| 100 | 1 | # | |a J. Burkart Matthew |
| 245 | 0 | 0 | |a Elevated Work Platforms and Scaffolding : Job Site Safety Manual / |c J. Burkart Matthew, McCann Michael |
| 250 | # | # | |a In lần thứ 1 |
| 260 | # | # | |a American : |b MC Graw Hill , |c 2005 |
| 300 | # | # | |a 600tr. ; |c 23 cm |
| 520 | # | # | |a Nowhere is construction site safety more at a premium than on elevated work platforms and scaffoldings. Elevated Work Platforms: Job Site Safety Manual, demonstrates how to keep these areas as accident-free as possible. |
| 520 | # | # | |a Written with authority by a trio of construction site safety experts, this heavily illustrated reference promotes safety through knowledge, correct equipment usage, and the careful application of construction regulations and standards. With a special emphasis on fall protection and collapse, you get: |
| 520 | # | # | |a * Informative tip boxes throughout the book |
| 520 | # | # | |a * Erection, inspection, working-on, and disassembly requirements |
| 520 | # | # | |a * Inspection checklists |
| 520 | # | # | |a * Examples of malfunction and accidents |
| 520 | # | # | |a * OSHA regulations and industry standards for specific equipment |
| 520 | # | # | |a * And more! |
| 520 | # | # | |a Perfect for architects, engineers, contractors, and attorneys, Elevated Work Platforms: Job Site Safety Manual is the one volume you need to stay on top of this essential construction site safety issue! |
| 520 | # | # | |a Featured Inside: |
| 520 | # | # | |a Supported Scaffolds |
| 520 | # | # | |a Suspended Scaffolds |
| 520 | # | # | |a Mobile Scaffolds |
| 520 | # | # | |a Aerial Lifts and Elevating & Rotating Platform Scaffolds |
| 520 | # | # | |a Stairways |
| 520 | # | # | |a Ladders |
| 650 | # | 4 | |a Elevated Work Platforms and Scaffolding |
| 700 | 0 | # | |a McCann Michael |


